| 000 | 00540cab a2200217 4500 | ||
|---|---|---|---|
| 001 | ABS60352 | ||
| 008 | 090401t1999 xxu||||| |||| 00| 0 eng d | ||
| 035 | _a(Sirsi) u92236 | ||
| 041 | _aeng | ||
| 100 | _aHalman, G. | ||
| 245 | 4 | _aThe sequential test: more carrot, less stick | |
| 260 | _c1999 | ||
| 350 | _a0 | ||
| 490 |
_aProperty Week _v64(10) 12 March 1999, 38(1) |
||
| 650 | _aDEVELOPMENT SITES | ||
| 650 | _aPLANNING POLICY | ||
| 650 | _aPPG3 | ||
| 690 | _aPLANNING LAW AND PRACTICE | ||
| 942 | _n0 | ||
| 948 | _c19/03/1999 | ||
| 999 |
_c58484 _d58484 |
||